Essentials of sociology: A down to earth approach (Record no. 5619)
[ view plain ]
| 000 -LEADER | |
|---|---|
| fixed length control field | 00522nam a2200193Ia 4500 |
| 003 - CONTROL NUMBER IDENTIFIER | |
| control field | OSt |
| 005 - DATE AND TIME OF LATEST TRANSACTION | |
| control field | 20230823103643.0 |
| 008 - FIXED-LENGTH DATA ELEMENTS--GENERAL INFORMATION | |
| fixed length control field | 230104s9999||||xx |||||||||||||| ||und|| |
| 020 ## - INTERNATIONAL STANDARD BOOK NUMBER | |
| International Standard Book Number | 0205389252 |
| 040 ## - CATALOGING SOURCE | |
| Transcribing agency | Chuka University Library |
| 050 ## - LIBRARY OF CONGRESS CALL NUMBER | |
| Classification number | HM 586 |
| Item number | .H46 2004 |
| 100 ## - MAIN ENTRY--PERSONAL NAME | |
| Personal name | Henslin James M. |
| 9 (RLIN) | 3666 |
| 245 #0 - TITLE STATEMENT | |
| Title | Essentials of sociology: A down to earth approach |
| 250 ## - EDITION STATEMENT | |
| Edition statement | 5th ed. |
| 260 ## - PUBLICATION, DISTRIBUTION, ETC. | |
| Place of publication, distribution, etc. | Boston |
| Name of publisher, distributor, etc. | Pearson |
| Date of publication, distribution, etc. | 2004 |
| 300 ## - PHYSICAL DESCRIPTION | |
| Extent | Various paging |
| Other physical details | Illustrations |
| 650 ## - SUBJECT ADDED ENTRY--TOPICAL TERM | |
| Topical term or geographic name entry element | Sociology |
| 9 (RLIN) | 9554 |
| 942 ## - ADDED ENTRY ELEMENTS (KOHA) | |
| Koha item type | Long Loan Books |
| Source of classification or shelving scheme | Library of Congress Classification |
| Withdrawn status | Lost status | Source of classification or shelving scheme | Damaged status | Not for loan | Collection | Home library | Current library | Shelving location | Date acquired | Total Checkouts | Full call number | Barcode | Date last seen | Copy number | Price effective from | Koha item type |
|---|---|---|---|---|---|---|---|---|---|---|---|---|---|---|---|---|
| Library of Congress Classification | General Collection Books | Main Campus Library | Main Campus Library | General Stacks | 04/01/2023 | HM 586.H46 2004 | 3310/2008 | 04/01/2023 | 1 | 04/01/2023 | Long Loan Books | |||||
| Library of Congress Classification | General Collection Books | Main Campus Library | Main Campus Library | General Stacks | 04/01/2023 | HM 586.H46 2004 | 5129/2009 | 23/08/2023 | 5 | 04/01/2023 | Long Loan Books |
